000 00285nam a22001217a 4500
008 170904b xxu||||| |||| 00| 0 eng d
041 _aeng
080 _a070
100 _a40
101 _aMED
245 _aADVANCES IN GENDER AND COMMUNICATION RESEARCH
_cNADLER,L.B
942 _2udc
_cBK
999 _c26011
_d26011